Datum a čas kvízu
26.5
Celkem bodů
Celkový počet nahraných bodů na tomto kvízu bez doplňovacích otázek.
4.
Pořadí na kvízu
Konečné umístění týmu na tomto kvízu.
Zaznamenané odpovědi
| # | Otázka | Odpověď | Body | Výsledky |
|---|---|---|---|---|
| 1. | Praha plánuje přejmenovat námě... | Boris Němcov | 1 | |
| 2. | Když policejní oddělení v Seve... | Sauron | 0 | |
| 3. | Jak se jmenuje 32letý muž, jen... | Ben Cristovao | 1 | |
| 4. | Svět mobilních telefonů minulý... | Blackberry | 0 | |
| 5. | Letošní 54. Super Bowl, neboli... | Kansas City Chiefs, San Francisco 49ers | 1 | |
| 6. | Další díl naší cesty kolem svě... | Ohio, Oklahoma, Oregon | 0.5 | |
| 7. | Ve kterém roce došlo dne 4. če... | v roce 1776 | 0 | |
| 8. | Fakt, že se ve Spojených státe... | 1C 2A 3B 4D | 0 | |
| 9. | Která řeka "vyřezala" do kraji... | A | 1 | |
| 10. | Ze Spojených států pochází nep... | Katy Perry | 0 |